000 00629cam a22002293a 4500
001 40367
003 PGUSA
005 20140828083913.0
008 120729s2012||||xxu|||||s|||||000 | eng d
040 _aPGUSA
_beng
042 _adc
050 4 _aNK
100 1 _aWharton, Edith,
_d1862-1937
245 1 4 _aThe Decoration of Houses
_h[electronic resource] /
_cEdith Wharton
260 _bProject Gutenberg,
_c2012
506 _aPublic domain in the USA.
516 _aElectronic text
653 _aInterior decoration
830 0 _aProject Gutenberg
_v40367
856 4 0 _uhttp://www.gutenberg.org/ebooks/40367
942 _cEB
999 _c269620
_d269620